[Event "Anogia op 6th"]
[Site "Anogia"]
[Date "2017.07.17"]
[Round "9"]
[White "Stergiou, Alexandros"]
[Black "Maris, Ioannis"]
[Result "1/2-1/2"]
[WhiteElo "1582"]
[BlackElo "1981"]
[PlyCount "63"]
[EventDate "2017.07.10"]
[EventType "swiss"]
[EventRounds "9"]
[EventCountry "GRE"]
[SourceTitle "CBM 179 Extra"]
[Source "ChessBase"]
[SourceDate "2017.08.23"]
[SourceVersion "1"]
[SourceVersionDate "2017.08.23"]
[SourceQuality "1"]

1. Nf3 c5 2. c4 Nc6 3. Nc3 g6 4. g3 Bg7 5. Bg2 e5 6. e4 Nge7 7. 0-0 0-0 8. d3 d6 9. Ne1 Nd4 10. Nc2 f5 11. Nxd4 cxd4 12. Ne2 Kh8 13. b4 fxe4 14. Bxe4 d5 15. cxd5 Nxd5 16. Bd2 Bh3 17. Bg2 Bxg2 18. Kxg2 Qe7 19. Qb3 Rad8 20. Rae1 e4 21. Nf4 Nxf4+ 22. Bxf4 Rxf4 23. gxf4 e3 24. fxe3 dxe3 25. Re2 Bd4 26. Rf3 b5 27. a3 h5 28. Qc2 Qe6 29. f5 gxf5 30. Qc7 Bb6 31. Qf4 Rg8+ 32. Kh3 1/2-1/2

[Event "Athens Smaok op 6h"]
[Site "Athens"]
[Date "2016.04.12"]
[Round "5.10"]
[White "Pramateftakis, Nikolaos"]
[Black "Stergiou, Alexandros"]
[Result "1/2-1/2"]
[WhiteElo "1867"]
[BlackElo "1628"]
[PlyCount "68"]
[EventDate "2016.03.15"]
[EventType "swiss"]
[EventRounds "7"]
[EventCountry "GRE"]
[SourceTitle "EXT 2024"]
[Source "ChessBase"]
[SourceDate "2023.10.10"]
[SourceVersion "1"]
[SourceVersionDate "2023.10.10"]
[SourceQuality "1"]

1. e4 d6 2. d4 Nf6 3. Nc3 Nbd7 4. Bc4 e5 5. Nf3 Be7 6. Bxf7+ Kxf7 7. Ng5+ Kg8 8. Ne6 Qe8 9. Nxc7 Qg6 10. 0-0 Rb8 11. f4 Nxe4 12. N3d5 Bd8 13. Qf3 exf4 14. Qb3 Qf7 15. Bxf4 Ndf6 16. Nxf6+ Bxf6 17. c3 Bd7 18. Qxf7+ Kxf7 19. Rae1 Bf5 20. g4 g6 21. gxf5 gxf5 22. Nd5 Rhg8+ 23. Kh1 Bh4 24. Rxe4 fxe4 25. Bxd6+ Ke6 26. Bxb8 Kxd5 27. Bf4 Kc4 28. Rd1 Bf2 29. Bg3 Bxg3 30. hxg3 Rxg3 31. Kh2 Rg6 32. d5 Kc5 33. Rd4 e3 34. b4+ Kb5 1/2-1/2